[Event "Wch U08"]
[Site "Batumi"]
[Date "2022.09.19"]
[Round "4"]
[White "Xu, Ryan1111"]
[Black "Jumanazarov, Ibroxim"]
[Result "0-1"]
[WhiteElo "1590"]
[BlackElo "1388"]
[PlyCount "120"]
[EventDate "2022.09.16"]
[EventType "swiss"]
[EventRounds "11"]
[EventCountry "GEO"]
[SourceTitle "EXT 2023"]
[Source "ChessBase"]
[SourceDate "2022.10.05"]
[SourceVersion "1"]
[SourceVersionDate "2022.10.05"]
[SourceQuality "1"]

1. d4 Nf6 2. c4 e6 3. g3 d5 4. Bg2 c6 5. Nf3 Bd6 6. 0-0 Nbd7 7. Nbd2 0-0 8. Qc2 Re8 9. Rd1 Qe7 10. b3 e5 11. dxe5 Nxe5 12. Bb2 Bg4 13. Re1 Qd7 14. cxd5 cxd5 15. Nxe5 Bxe5 16. Bxe5 Rxe5 17. Nf3 Bxf3 18. Bxf3 Rc8 19. Qd2 Ne4 20. Qd4 Rce8 21. Qxa7 Ng5 22. Bg2 Rxe2 23. Rxe2 Rxe2 24. h4 Ne6 25. Rd1 d4 26. Bxb7 g6 27. Qa8+ Kg7 28. Bf3 Rc2 29. a4 Nc5 30. Bd5 Qf5 31. Rf1 d3 32. Qd8 d2 33. Bc4 Nd7 34. Be2 Rc1 35. Bd1 Rxd1 36. Rxd1 Qc2 37. Rxd2 Qxd2 38. a5 Qe1+ 39. Kg2 Qe4+ 40. Kf1 Qb7 41. Kg1 Nb8 42. Qd4+ f6 43. Qc4 Na6 44. Kf1 Kf8 45. Kg1 Kg7 46. Kf1 Nc7 47. b4 Nb5 48. Ke2 Qe7+ 49. Kf1 Qb7 50. Ke2 Kf8 51. Kf1 Ke7 52. Qg8 Kd6 53. Qd8+ Ke5 54. f4+ Ke4 55. Qxf6 Nd4 56. a6 Qb5+ 57. Kg2 Qe2+ 58. Kh3 Kf3 59. h5 Qg2+ 60. Kh4 Qxg3# 0-1